| 000 | 00432nam a22001817a 4500 | ||
|---|---|---|---|
| 999 |
_c6186 _d6184 |
||
| 005 | 20220217112900.0 | ||
| 008 | 200511b xxu||||| |||| 00| 0 eng d | ||
| 020 | _a9788123907376 | ||
| 041 | _aeng | ||
| 082 |
_a615.19 _bGAU |
||
| 100 |
_aGAUD,R.S _95347 |
||
| 245 | _aPractical Physical Pharmacy | ||
| 250 | _a1'st | ||
| 260 |
_aNew Delhi _bCBS,Publication _c2019 |
||
| 300 | _a238,xiv | ||
| 650 |
_aPHARMACY _97169 |
||
| 942 | _cBK | ||